[Event "Belgrade Gligoric 100 Ann op"]
[Site "Belgrade"]
[Date "2023.02.05"]
[Round "6"]
[White "Arsovic, Zoran"]
[Black "Tisma, Ivan"]
[Result "1-0"]
[WhiteElo "2390"]
[BlackElo "1918"]
[PlyCount "124"]
[EventDate "2023.02.05"]
[EventType "swiss (blitz)"]
[EventRounds "11"]
[EventCountry "SRB"]
[SourceTitle "EXT 2024"]
[Source "ChessBase"]
[SourceDate "2023.10.10"]
[SourceVersion "1"]
[SourceVersionDate "2023.10.10"]
[SourceQuality "1"]

1. c4 c5 2. Nf3 Nc6 3. Nc3 Nf6 4. e3 d5 5. cxd5 Nxd5 6. Bc4 Nb6 7. Bb5 Bd7 8. d4 e6 9. 0-0 a6 10. Bd3 Be7 11. a3 0-0 12. Qc2 h6 13. Rd1 cxd4 14. exd4 Rc8 15. Qe2 Nd5 16. Ne4 Na5 17. Be3 b5 18. Ne5 Nb3 19. Rab1 f5 20. Nd2 f4 21. Nxb3 fxe3 22. fxe3 Bg5 23. e4 Nf4 24. Qg4 Nxd3 25. Rxd3 Rf4 26. Qe2 Bc6 27. Nxc6 Rxc6 28. g3 Rf8 29. Rbd1 a5 30. Kg2 Rc4 31. h4 Bf6 32. d5 exd5 33. Rxd5 Qc8 34. e5 Be7 35. R1d2 a4 36. Nd4 b4 37. axb4 Rxb4 38. Nf3 Qa8 39. R2d3 Rb3 40. Rxb3 Qxd5 41. Rd3 Qc4 42. Rd2 Qc6 43. Qd3 Bb4 44. Qd5+ Qxd5 45. Rxd5 Rc8 46. Nd4 Re8 47. e6 Be7 48. Kf3 Rb8 49. Rb5 Rc8 50. Ke4 Rc4 51. Kd5 Rc1 52. Rb7 Bf6 53. e7 Re1 54. Ne6 Kf7 55. Nd8+ Ke8 56. Nc6 Rd1+ 57. Ke6 Re1+ 58. Kd6 Rd1+ 59. Kc5 Kf7 60. Kb5 Rc1 61. Rb8 Bxe7 62. Rb7 Re1 1-0

[Event "Belgrade-chT Quality"]
[Site "Belgrade"]
[Date "2022.10.09"]
[Round "8.5"]
[White "Jakovljevic, Zoran D"]
[Black "Tisma, Ivan"]
[Result "0-1"]
[WhiteElo "2076"]
[BlackElo "1921"]
[PlyCount "74"]
[EventDate "2022.10.01"]
[EventType "team-tourn"]
[EventRounds "11"]
[EventCountry "SRB"]
[SourceTitle "EXT 2024"]
[Source "ChessBase"]
[SourceDate "2023.10.10"]
[SourceVersion "1"]
[SourceVersionDate "2023.10.10"]
[SourceQuality "1"]
[WhiteTeam "Belgrade Mirijevo"]
[BlackTeam "Belgrade Partizan"]
[WhiteTeamCountry "SRB"]
[BlackTeamCountry "SRB"]

1. g3 g6 2. Bg2 Bg7 3. Nc3 c5 4. e4 Nc6 5. d3 e6 6. f4 d6 7. Nf3 Nge7 8. h3 Rb8 9. 0-0 0-0 10. g4 f5 11. g5 b5 12. Nh4 Nd4 13. Ne2 b4 14. Ng3 Bb7 15. Be3 Ba8 16. Rf2 Qc7 17. Rc1 Nb5 18. c4 bxc3 19. bxc3 Nxc3 20. Qe1 Nb5 21. e5 dxe5 22. Rxc5 Qd7 23. Bxa8 Rxa8 24. fxe5 Nd5 25. Bc1 Rfc8 26. Rc4 Bf8 27. Kh2 Nb6 28. Rxc8 Rxc8 29. Ng2 Bc5 30. Be3 Nd4 31. Nf4 Nd5 32. Nxd5 Qxd5 33. Bxd4 Bxd4 34. Re2 Qf3 35. Qh1 Qxd3 36. Qb7 Qc4 37. Kh1 Qc1+ 0-1

[Event "Belgrade-chT Quality"]
[Site "Belgrade"]
[Date "2022.10.05"]
[Round "5.5"]
[White "Stankovic, Andrea"]
[Black "Tisma, Ivan"]
[Result "1-0"]
[WhiteElo "1739"]
[BlackElo "1921"]
[PlyCount "123"]
[EventDate "2022.10.01"]
[EventType "team-tourn"]
[EventRounds "11"]
[EventCountry "SRB"]
[SourceTitle "CBM 210 Extra"]
[Source "ChessBase"]
[SourceDate "2022.11.30"]
[SourceVersion "1"]
[SourceVersionDate "2022.11.30"]
[SourceQuality "1"]
[WhiteTeam "Belgrade Itaka"]
[BlackTeam "Belgrade Partizan"]
[WhiteTeamCountry "SRB"]
[BlackTeamCountry "SRB"]

1. d4 Nf6 2. Nf3 g6 3. c4 Bg7 4. g3 c6 5. Bg2 0-0 6. 0-0 d5 7. b3 dxc4 8. bxc4 a5 9. Nc3 Bf5 10. Nh4 Be6 11. Qd3 Qc8 12. Ba3 Qc7 13. e4 Rd8 14. Rac1 Na6 15. d5 Bc8 16. Qb1 Ng4 17. c5 Ne5 18. Na4 Nb4 19. Rfd1 g5 20. Nb6 Ra7 21. Nxc8 Qxc8 22. Nf5 Bf6 23. Bxb4 axb4 24. f4 gxf4 25. gxf4 Ng6 26. e5 Bg7 27. d6 exd6 28. cxd6 Qa8 29. Ne7+ Kh8 30. Nxg6+ hxg6 31. Rd2 Ra5 32. Qb3 Qa7+ 33. Kh1 Rc5 34. Rf1 Kg8 35. e6 Bf6 36. e7 Ra8 37. Re2 Rc3 38. e8Q+ Rxe8 39. Rxe8+ Kg7 40. Qxb4 Rd3 41. a4 Rd4 42. Qa3 Rxa4 43. Qe3 Rd4 44. Re4 Qc5 45. d7 Qd6 46. Rxd4 Bxd4 47. Qe8 Bf6 48. Qc8 c5 49. Qxb7 c4 50. Qd5 Qc7 51. Qc6 Qa7 52. Qxc4 Qxd7 53. f5 g5 54. Qd5 Qa7 55. Rd1 Qe3 56. Qd7 Qe2 57. Qd3 Qg4 58. Bd5 Qh5 59. Rb1 Be5 60. h3 Qh4 61. f6+ Kh6 62. Bxf7 1-0

[Event "Belgrade-chT Quality"]
[Site "Belgrade"]
[Date "2022.10.02"]
[Round "2.5"]
[White "Tisma, Ivan"]
[Black "Djerfi, Karolj"]
[Result "1/2-1/2"]
[WhiteElo "1921"]
[BlackElo "2177"]
[PlyCount "229"]
[EventDate "2022.10.01"]
[EventType "team-tourn"]
[EventRounds "11"]
[EventCountry "SRB"]
[SourceTitle "CBM 210 Extra"]
[Source "ChessBase"]
[SourceDate "2022.11.30"]
[SourceVersion "1"]
[SourceVersionDate "2022.11.30"]
[SourceQuality "1"]
[WhiteTeam "Belgrade Partizan"]
[BlackTeam "Belgrade Mladenovac"]
[WhiteTeamCountry "SRB"]
[BlackTeamCountry "SRB"]

1. Nf3 d5 2. g3 Nf6 3. Bg2 c6 4. 0-0 Bg4 5. h3 Bh5 6. d3 e6 7. c4 Bc5 8. Nc3 a5 9. Na4 Ba7 10. Qb3 b6 11. g4 Bg6 12. Ne5 Nfd7 13. Nxg6 hxg6 14. Bf4 Na6 15. cxd5 cxd5 16. d4 Bb8 17. Bxb8 Rxb8 18. Qb5 Nc7 19. Qc6 0-0 20. Rac1 Na8 21. Qd6 Nf6 22. Qxd8 Rfxd8 23. Rc2 Kf8 24. Rfc1 Ke7 25. e3 Ne8 26. Bf1 Nd6 27. b3 Rdc8 28. Bd3 g5 29. Kg2 Rxc2 30. Rxc2 Kd7 31. Kg3 Rc8 32. Rxc8 Kxc8 33. f4 gxf4+ 34. Kxf4 Kd7 35. h4 f6 36. g5 Ke7 37. g6 b5 38. Nc5 b4 39. Na6 Ne8 40. h5 Nac7 41. Nc5 Nd6 42. Be2 Ke8 43. Bd3 Ke7 44. Kg4 e5 45. h6 gxh6 46. Kh5 e4 47. Bf1 Nce8 48. Bh3 f5 49. Kxh6 f4 50. exf4 e3 51. g7 Nf6 52. Kg6 Nb5 53. Bg2 e2 54. Nd3 Nxd4 55. Ne1 Ne6 56. Bf3 Nxf4+ 57. Kf5 Ne6 58. Bxe2 Nd4+ 59. Ke5 Nxe2 60. g8Q Nxg8 61. Kxd5 Nc3+ 62. Kc5 Nf6 63. Kb6 Nxa2 64. Kxa5 Kd6 65. Kb5 Nd5 66. Nd3 Kd7 67. Kc5 Ke6 68. Kc6 Ne3 69. Kc5 Nc2 70. Kc4 Kf6 71. Kd5 Kf5 72. Kc4 Ke4 73. Nc5+ Ke3 74. Na6 Kd2 75. Nc5 Na3+ 76. Kd5 Kc3 77. Na6 Nc1 78. Kc6 Nd3 79. Kd5 Nc2 80. Ke4 Nde1 81. Kd5 Nf3 82. Ke4 Nfd4 83. Kd5 Nf5 84. Ke4 Ne7 85. Ke5 Ne3 86. Ke4 N3d5 87. Ke5 Kd3 88. Nc5+ Ke3 89. Na6 Kd3 90. Nc5+ Kc3 91. Na6 Ne3 92. Ke4 Nc2 93. Ke5 Nc8 94. Ke4 Nb6 95. Ke5 Ne3 96. Ke4 Ned5 97. Ke5 Kd3 98. Nc5+ Ke3 99. Na6 Kd3 100. Nc5+ Kc3 101. Na6 Ne3 102. Ke4 Ng4 103. Kf4 Nf6 104. Ke5 Ne8 105. Ke4 Na8 106. Ke5 Nac7 107. Nc5 Ng7 108. Ke4 Nge6 109. Nd3 Ng5+ 110. Ke3 Nd5+ 111. Ke2 Ne6 112. Ne5 Nef4+ 113. Kf3 Kd4 114. Nc6+ Kc5 115. Ne5 1/2-1/2

[Event "Veliko Gradiste Silver Lake op-A"]
[Site "Veliko Gradiste"]
[Date "2022.06.19"]
[Round "1"]
[White "Tisma, Ivan"]
[Black "Radovanovic, Nikola"]
[Result "0-1"]
[WhiteElo "2062"]
[BlackElo "2423"]
[PlyCount "84"]
[EventDate "2022.06.19"]
[EventType "swiss"]
[EventRounds "9"]
[EventCountry "SRB"]
[SourceTitle "CBM 209 Extra"]
[Source "ChessBase"]
[SourceDate "2022.09.30"]
[SourceVersion "1"]
[SourceVersionDate "2022.09.30"]
[SourceQuality "1"]

1. c4 Nf6 2. Nc3 g6 3. Nf3 Bg7 4. g3 0-0 5. Bg2 d6 6. 0-0 e5 7. d3 c6 8. Rb1 Re8 9. Nd2 d5 10. cxd5 cxd5 11. b4 Be6 12. Na4 b6 13. b5 Nbd7 14. Ba3 h5 15. e3 h4 16. Nf3 hxg3 17. hxg3 Ng4 18. Bb4 e4 19. dxe4 dxe4 20. Nd4 Bxd4 21. exd4 Qg5 22. Nb2 Qh5 23. Re1 Bd5 24. Re3 Qh2+ 25. Kf1 Nxe3+ 26. fxe3 Re6 27. Be1 Rf6+ 28. Bf2 Qxg3 29. Qe2 Qh2 30. Rc1 Rf5 31. Qg4 Nf6 32. Qh3 Qxh3 33. Bxh3 Rh5 34. Bc8 Bxa2 35. Ba6 Kg7 36. Rc3 Rah8 37. Bg3 Rh1+ 38. Kg2 Rb1 39. Na4 Nd5 40. Ra3 Bb3 41. Bb7 Nxe3+ 42. Kf2 Nc4 0-1

[Event "SRB-ch Blitz"]
[Site "Paracin"]
[Date "2022.06.05"]
[Round "1"]
[White "Tisma, Ivan"]
[Black "Atalik, Suat"]
[Result "0-1"]
[WhiteElo "2062"]
[BlackElo "2454"]
[PlyCount "54"]
[EventDate "2022.06.05"]
[EventType "swiss (blitz)"]
[EventRounds "13"]
[EventCountry "SRB"]
[SourceTitle "CBM 208 Extra"]
[Source "ChessBase"]
[SourceDate "2022.07.31"]
[SourceVersion "1"]
[SourceVersionDate "2022.07.31"]
[SourceQuality "1"]

1. c4 e5 2. Nc3 Bb4 3. Nf3 Bxc3 4. bxc3 d6 5. d3 f5 6. g3 Nf6 7. Bg2 0-0 8. 0-0 Nc6 9. Rb1 Rb8 10. Qb3 Kh8 11. a4 b6 12. Qc2 Qe8 13. e3 e4 14. Nd4 exd3 15. Qxd3 Ne5 16. Qe2 Ne4 17. Bb2 Be6 18. Rfd1 Bxc4 19. Qe1 Nd3 20. Rxd3 Bxd3 21. Ra1 Nc5 22. a5 bxa5 23. Ba3 Nb3 24. Rd1 Be4 25. Bf1 Nxd4 26. cxd4 Bd5 27. Qxa5 Qe4 0-1

[Event "Paracin Summer op 14th"]
[Site "Paracin"]
[Date "2021.07.10"]
[Round "3"]
[White "Ojas, Kulkarni"]
[Black "Tisma, Ivan"]
[Result "1-0"]
[WhiteElo "2216"]
[BlackElo "2055"]
[PlyCount "71"]
[EventDate "2021.07.09"]
[EventType "swiss"]
[EventRounds "9"]
[EventCountry "SRB"]
[SourceTitle "EXT 2022"]
[Source "ChessBase"]
[SourceDate "2021.10.06"]
[SourceVersion "1"]
[SourceVersionDate "2021.10.06"]
[SourceQuality "1"]

1. e4 c6 2. d4 d5 3. exd5 cxd5 4. c4 Nf6 5. Nc3 g6 6. Qb3 Bg7 7. cxd5 0-0 8. Be2 Nbd7 9. Bf3 Nb6 10. Nge2 e6 11. Bg5 h6 12. Bxf6 Bxf6 13. 0-0 Rb8 14. Rfd1 exd5 15. Nxd5 Nxd5 16. Bxd5 Bg4 17. f3 Bd7 18. Rac1 a5 19. Kh1 Kg7 20. Ng3 a4 21. Qd3 Qb6 22. Ne4 Bf5 23. Qd2 Bxe4 24. Bxe4 Rfd8 25. Rc4 Qa6 26. Qb4 b5 27. Rc6 Qa7 28. d5 Qf2 29. Rxf6 Kxf6 30. Qc3+ Ke7 31. d6+ Ke6 32. Bd5+ Kxd6 33. Qf6+ Kd7 34. Qxf7+ Kd6 35. Qe6+ Kc5 36. Qc6+ 1-0

[Event "Veliko Gradiste Silver Lake op-A"]
[Site "Veliko Gradiste"]
[Date "2021.06.29"]
[Round "8"]
[White "Devnani, Kush"]
[Black "Tisma, Ivan"]
[Result "1-0"]
[WhiteElo "1855"]
[BlackElo "2055"]
[PlyCount "141"]
[EventDate "2021.06.23"]
[EventType "swiss"]
[EventRounds "9"]
[EventCountry "SRB"]
[SourceTitle "EXT 2022"]
[Source "ChessBase"]
[SourceDate "2021.10.06"]
[SourceVersion "1"]
[SourceVersionDate "2021.10.06"]
[SourceQuality "1"]

1. d4 Nf6 2. c4 g6 3. Nc3 d5 4. cxd5 Nxd5 5. Bd2 Bg7 6. e4 Nxc3 7. Bxc3 c5 8. d5 Bxc3+ 9. bxc3 Qd6 10. Nf3 e6 11. Bc4 e5 12. 0-0 0-0 13. Nd2 Nd7 14. a4 Nf6 15. Be2 Qe7 16. Qc2 Bg4 17. Nc4 Bxe2 18. Qxe2 b6 19. Rad1 Rfe8 20. Rfe1 Qd7 21. Qc2 Nh5 22. g3 Rab8 23. Rb1 Nf6 24. f3 h5 25. Rb5 g5 26. Qd2 Nh7 27. Reb1 g4 28. Qh6 gxf3 29. Qxh5 Qe7 30. Qxf3 Ng5 31. Qg4 Kh8 32. Rf1 f6 33. Rb2 Rg8 34. Qh4+ Nh7 35. Rbf2 Rg6 36. Ne3 Rbg8 37. Kh1 a6 38. c4 Rb8 39. Ng4 Rf8 40. Rf5 Kg7 41. Nxe5 Rh6 42. Qg4+ Ng5 43. Kg1 Kh7 44. h4 Nf7 45. Nxf7 Rxf7 46. Rh5 Rg7 47. Rxh6+ Kxh6 48. Qf4+ Kh7 49. Kh2 Qe8 50. Qxf6 Qxa4 51. Rf5 Kg8 52. Qe6+ Kh7 53. Rf8 Qc2+ 54. Kh3 Qe2 55. Qe5 Qg4+ 56. Kg2 Qe2+ 57. Rf2 Qxc4 58. d6 Qd3 59. Qf5+ Kg8 60. Qe6+ Kh7 61. Qf5+ Kg8 62. Qf8+ Kh7 63. Qf4 c4 64. e5 Qd5+ 65. Kh2 c3 66. Qf5+ Kg8 67. Qc8+ Kh7 68. Qxc3 b5 69. Rd2 Qe6 70. Qd3+ Kh6 71. d7 1-0

[Event "Veliko Gradiste Silver Lake op-A"]
[Site "Veliko Gradiste"]
[Date "2021.06.24"]
[Round "3"]
[White "Vujicic, Dragisa"]
[Black "Tisma, Ivan"]
[Result "1/2-1/2"]
[WhiteElo "1916"]
[BlackElo "2055"]
[PlyCount "125"]
[EventDate "2021.06.23"]
[EventType "swiss"]
[EventRounds "9"]
[EventCountry "SRB"]
[SourceTitle "CBM 203 Extra"]
[Source "ChessBase"]
[SourceDate "2021.09.30"]
[SourceVersion "1"]
[SourceVersionDate "2021.09.30"]
[SourceQuality "1"]

1. Nf3 c5 2. c4 Nc6 3. g3 g6 4. Bg2 Bg7 5. Nc3 Nh6 6. 0-0 Nf5 7. a3 h5 8. h4 0-0 9. d3 Rb8 10. Rb1 a6 11. Bd2 b5 12. cxb5 axb5 13. b4 cxb4 14. axb4 e6 15. e4 Nfd4 16. Ne2 Nxf3+ 17. Bxf3 Ne5 18. Nf4 Nxf3+ 19. Qxf3 Bb7 20. Rfc1 d5 21. Bc3 Bxc3 22. Rxc3 Qf6 23. e5 Qxe5 24. Rc5 Ba8 25. Qe3 Qf5 26. Re1 Rfc8 27. Rec1 Rxc5 28. Rxc5 Qf6 29. d4 Qf5 30. Nd3 Qe4 31. Qf4 Qxf4 32. gxf4 Kg7 33. Rc7 Rb7 34. Rc5 Kf6 35. Kg2 Kf5 36. Kf3 f6 37. Ne1 e5 38. fxe5 fxe5 39. dxe5 Ra7 40. Ke3 Kxe5 41. Nd3+ Kf5 42. Rxb5 g5 43. hxg5 Kxg5 44. f4+ Kg4 45. Ne5+ Kf5 46. Rb8 Ra3+ 47. Kd4 Kxf4 48. Rf8+ Kg5 49. Rg8+ Kf4 50. Rf8+ Kg3 51. Rg8+ Kh3 52. Ng6 Ra4 53. Nf4+ Kh2 54. Kc5 d4 55. Nxh5 d3 56. Rd8 Be4 57. Nf6 Bf5 58. b5 Ra2 59. b6 Rb2 60. Kc6 Rc2+ 61. Kb5 Rb2+ 62. Kc6 Rc2+ 63. Kb5 1/2-1/2

[Event "Belgrade-chT"]
[Site "Belgrade"]
[Date "2020.10.12"]
[Round "8.4"]
[White "Tisma, Ivan"]
[Black "Biocanin, Goran"]
[Result "1/2-1/2"]
[WhiteElo "2075"]
[BlackElo "2239"]
[PlyCount "69"]
[EventDate "2020.10.04"]
[EventType "team-tourn"]
[EventRounds "9"]
[EventCountry "SRB"]
[SourceTitle "EXT 2022"]
[Source "ChessBase"]
[SourceDate "2021.10.06"]
[SourceVersion "1"]
[SourceVersionDate "2021.10.06"]
[SourceQuality "1"]
[WhiteTeam "Tadic"]
[BlackTeam "Belgrade"]
[WhiteTeamCountry "SRB"]
[BlackTeamCountry "SRB"]

1. Nf3 c5 2. c4 g6 3. Nc3 Bg7 4. g3 Nc6 5. Bg2 e6 6. e3 Nge7 7. 0-0 0-0 8. d4 cxd4 9. exd4 d5 10. cxd5 Nxd5 11. Nxd5 exd5 12. Qb3 Na5 13. Qb4 Qb6 14. Qxb6 axb6 15. Bf4 Nc6 16. Rfe1 Bf5 17. Bd6 Rfc8 18. Red1 Be4 19. Ne5 Ra4 20. Bxe4 dxe4 21. Rac1 Rd8 22. Bc7 Rdxd4 23. Nxc6 bxc6 24. Bxb6 Rxd1+ 25. Rxd1 Bxb2 26. Rd6 Rc4 27. a4 Rxa4 28. Rxc6 Bd4 29. Bxd4 Rxd4 30. h4 Kg7 31. Kf1 h6 32. Ke2 Ra4 33. Rb6 g5 34. hxg5 hxg5 35. g4 1/2-1/2

[Event "Belgrade-chT"]
[Site "Belgrade"]
[Date "2020.10.10"]
[Round "6.5"]
[White "Koscal, Arsenije"]
[Black "Tisma, Ivan"]
[Result "0-1"]
[WhiteElo "1787"]
[BlackElo "2075"]
[PlyCount "62"]
[EventDate "2020.10.04"]
[EventType "team-tourn"]
[EventRounds "9"]
[EventCountry "SRB"]
[SourceTitle "EXT 2022"]
[Source "ChessBase"]
[SourceDate "2021.10.06"]
[SourceVersion "1"]
[SourceVersionDate "2021.10.06"]
[SourceQuality "1"]
[WhiteTeam "Romanticari"]
[BlackTeam "Tadic"]
[WhiteTeamCountry "SRB"]
[BlackTeamCountry "SRB"]

1. d4 Nf6 2. Bf4 g6 3. e3 Bg7 4. Nf3 d6 5. c4 c6 6. Nc3 0-0 7. Be2 a6 8. a4 a5 9. 0-0 Na6 10. h3 Nd7 11. d5 Ndc5 12. Nd4 Qb6 13. dxc6 bxc6 14. Nxc6 Qxb2 15. Nxe7+ Kh8 16. Ncd5 Qxa1 17. Qxa1 Bxa1 18. Rxa1 Be6 19. Bxd6 f6 20. Nc6 Rf7 21. Bf3 Nb3 22. Rd1 Re8 23. Nxf6 Rxf6 24. Be5 Kg7 25. Nd8 Bc8 26. Bxf6+ Kxf6 27. Bc6 Re7 28. Bb5 Nac5 29. Rd6+ Kg7 30. Nc6 Rf7 31. f3 Be6 0-1

[Event "Battle of Senta op 24th"]
[Site "Senta"]
[Date "2020.07.18"]
[Round "9"]
[White "Tisma, Ivan"]
[Black "Tirelli, Mauro"]
[Result "1/2-1/2"]
[WhiteElo "2088"]
[BlackElo "2187"]
[PlyCount "111"]
[EventDate "2020.07.11"]
[EventType "swiss"]
[EventRounds "9"]
[EventCountry "SRB"]
[SourceTitle "CBM 197 Extra"]
[Source "ChessBase"]
[SourceDate "2020.09.30"]
[SourceVersion "1"]
[SourceVersionDate "2020.09.30"]
[SourceQuality "1"]

1. Nf3 c5 2. c4 Nc6 3. Nc3 g6 4. g3 Bg7 5. Bg2 d6 6. d3 e6 7. Bg5 Nge7 8. Qc1 h6 9. Bd2 b6 10. a3 Bb7 11. Rb1 Qd7 12. b4 Nd4 13. e4 Nec6 14. Nxd4 Nxd4 15. 0-0 h5 16. h4 0-0 17. Qd1 Rac8 18. Ne2 Rfe8 19. Nf4 a6 20. Be3 b5 21. cxb5 axb5 22. Bh3 c4 23. dxc4 Rxc4 24. f3 Ra8 25. Bc1 Qc7 26. Bg2 Be5 27. Kh1 Bxf4 28. Bxf4 Rxa3 29. Rf2 e5 30. Bc1 Ra4 31. Rfb2 d5 32. Bf1 dxe4 33. Bxc4 Qxc4 34. Be3 Nf5 35. Qd8+ Kh7 36. Rc1 Qe6 37. Bg5 exf3 38. Kh2 Ra8 39. Qc7 Bc8 40. Rc6 Nd6 41. Rxd6 Qh3+ 42. Kg1 Qxg3+ 43. Kh1 Qh3+ 44. Kg1 Qg3+ 45. Kh1 Ra1+ 46. Bc1 Qh3+ 47. Kg1 Qg3+ 48. Kh1 Qe1+ 49. Kh2 Qxh4+ 50. Kg1 Qg3+ 51. Kh1 Rxc1+ 52. Qxc1 f2 53. Rxf2 Bb7+ 54. Rc6 Bxc6+ 55. Qxc6 Qxf2 56. Qxg6+ 1/2-1/2

[Event "Battle of Senta op 24th"]
[Site "Senta"]
[Date "2020.07.13"]
[Round "4"]
[White "Pastar, Slaven"]
[Black "Tisma, Ivan"]
[Result "1-0"]
[WhiteElo "2323"]
[BlackElo "2088"]
[PlyCount "145"]
[EventDate "2020.07.11"]
[EventType "swiss"]
[EventRounds "9"]
[EventCountry "SRB"]
[SourceTitle "CBM 197 Extra"]
[Source "ChessBase"]
[SourceDate "2020.09.30"]
[SourceVersion "1"]
[SourceVersionDate "2020.09.30"]
[SourceQuality "1"]

1. d4 Nf6 2. Nf3 g6 3. c4 Bg7 4. Nc3 d5 5. e3 e6 6. Qc2 Nbd7 7. b4 dxc4 8. Bxc4 b6 9. a4 a6 10. Ba3 Bb7 11. b5 a5 12. Qb3 Nf8 13. d5 Nxd5 14. 0-0-0 Qf6 15. Bxd5 exd5 16. Nxd5 Bxd5 17. Rxd5 Qc3+ 18. Qxc3 Bxc3 19. Rhd1 Bf6 20. Nd4 Rd8 21. Nc6 Rxd5 22. Rxd5 Ne6 23. f4 h5 24. g3 Nd8 25. Kd2 Nb7 26. Kd3 Bg7 27. e4 h4 28. g4 h3 29. Ke3 f6 30. Kf3 Rh7 31. f5 gxf5 32. exf5 Bf8 33. Bxf8 Kxf8 34. Kg3 Nc5 35. Rd8+ Kg7 36. Rd4 Rh8 37. Nd8 Re8 38. Kxh3 Re3+ 39. Kh4 Kh6 40. Ne6 Nxe6 41. fxe6 Rxe6 42. Rc4 Re7 43. Kg3 Kg6 44. h4 Rd7 45. Kf4 Re7 46. Rd4 Kg7 47. Re4 Rd7 48. Kf5 Kf7 49. Rc4 Rd5+ 50. Ke4 Rd7 51. Rc6 Re7+ 52. Kf5 Re5+ 53. Kf4 Re7 54. h5 Kg7 55. h6+ Kxh6 56. g5+ Kg6 57. gxf6 Rd7 58. Ke5 Kf7 59. Re6 Kf8 60. Kf5 Kf7 61. Re5 Kf8 62. Kg6 Rd4 63. Rh5 Rg4+ 64. Kf5 Rxa4 65. Rh8+ Kf7 66. Rh7+ Kf8 67. Rxc7 Rb4 68. Ke6 Re4+ 69. Kd5 Rf4 70. Rc6 Kf7 71. Rxb6 Rf5+ 72. Kc4 Rf4+ 73. Kb3 1-0

[Event "Battle of Senta op 24th"]
[Site "Senta"]
[Date "2020.07.12"]
[Round "3"]
[White "Tisma, Ivan"]
[Black "Olajos, Gyozo"]
[Result "1-0"]
[WhiteElo "2088"]
[BlackElo "1584"]
[PlyCount "87"]
[EventDate "2020.07.11"]
[EventType "swiss"]
[EventRounds "9"]
[EventCountry "SRB"]
[SourceTitle "CBM 197 Extra"]
[Source "ChessBase"]
[SourceDate "2020.09.30"]
[SourceVersion "1"]
[SourceVersionDate "2020.09.30"]
[SourceQuality "1"]

1. c4 c5 2. Nc3 Nf6 3. g3 e6 4. Nf3 Nc6 5. Bg2 Be7 6. 0-0 Qc7 7. b3 d6 8. Bb2 Bd7 9. d4 cxd4 10. Nxd4 0-0 11. Ndb5 Qb8 12. Ba3 Ne8 13. Qd2 a6 14. Nd4 Qc7 15. Rac1 Rd8 16. Rfd1 e5 17. Nc2 Be6 18. Ne3 Bg5 19. Ncd5 Qb8 20. Bb2 Nf6 21. h4 Bh6 22. Nxf6+ gxf6 23. Rc3 Nd4 24. Qd3 Kh8 25. Nd5 Bg7 26. e3 Nf5 27. Rc2 Rg8 28. Kh2 Rd7 29. Rcd2 Rgd8 30. Ba3 Bxd5 31. Bxd5 Nh6 32. Be4 f5 33. Bxf5 Nxf5 34. Qxf5 Qc7 35. Rd5 b6 36. g4 f6 37. Qe6 Re7 38. Bxd6 Rxd6 39. Qxd6 Bf8 40. Qxf6+ Kg8 41. Rd8 Rf7 42. Qe6 e4+ 43. Kg1 Kg7 44. R8d7 1-0

[Event "Paracin Summer op"]
[Site "Paracin"]
[Date "2020.07.06"]
[Round "4"]
[White "Ivanovic, Marko"]
[Black "Tisma, Ivan"]
[Result "1-0"]
[WhiteElo "2267"]
[BlackElo "2088"]
[PlyCount "71"]
[EventDate "2020.07.03"]
[EventType "swiss"]
[EventRounds "9"]
[EventCountry "SRB"]
[SourceTitle "CBM 197 Extra"]
[Source "ChessBase"]
[SourceDate "2020.09.30"]
[SourceVersion "1"]
[SourceVersionDate "2020.09.30"]
[SourceQuality "1"]

1. d4 Nf6 2. Bf4 d6 3. Nc3 g6 4. e4 Bg7 5. Qd2 h6 6. 0-0-0 c6 7. f3 Qa5 8. Kb1 Nbd7 9. g4 Kf8 10. h4 h5 11. Nh3 Nb6 12. g5 Ne8 13. Qf2 Be6 14. Bc1 Nc7 15. Bd2 Bc4 16. b3 Bxf1 17. Nd5 Qa3 18. Bb4 Ncxd5 19. Bxa3 Nc3+ 20. Kc1 Nxd1 21. Qxf1 Nc3 22. Qd3 Nb5 23. Bb2 d5 24. exd5 Rd8 25. c4 Nc7 26. dxc6 bxc6 27. Qe4 Ne6 28. Rd1 Rc8 29. f4 c5 30. f5 Nxd4 31. fxg6 f5 32. Qb7 Be5 33. Bxd4 cxd4 34. Qxa7 Rc6 35. Re1 Bd6 36. g7+ 1-0

[Event "Belgrade Trophy 33rd"]
[Site "Belgrade"]
[Date "2019.11.26"]
[Round "3"]
[White "Abramovic, Bosko"]
[Black "Tisma, Ivan"]
[Result "1/2-1/2"]
[WhiteElo "2348"]
[BlackElo "2112"]
[PlyCount "83"]
[EventDate "2019.11.24"]
[EventType "swiss"]
[EventRounds "9"]
[EventCountry "SRB"]
[SourceTitle "CBM 193 Extra"]
[Source "ChessBase"]
[SourceDate "2020.01.31"]
[SourceVersion "1"]
[SourceVersionDate "2020.01.31"]
[SourceQuality "1"]

1. c4 c5 2. Nf3 Nc6 3. g3 g6 4. Bg2 Bg7 5. 0-0 Nf6 6. d4 cxd4 7. Nxd4 0-0 8. Nc3 Qa5 9. Nc2 d6 10. Nb5 a6 11. Bd2 Qb6 12. Nc3 Be6 13. b3 Rfc8 14. Rc1 Qd8 15. Ne3 Bd7 16. Ncd5 b5 17. Nxf6+ Bxf6 18. Nd5 Bd4 19. Bg5 f6 20. Be3 Bxe3 21. Nxe3 Kg7 22. Qd2 Ra7 23. c5 dxc5 24. Rxc5 Ne5 25. Rd5 Qb6 26. Rd1 Be6 27. Rd4 Qc5 28. Bd5 Bxd5 29. Rxd5 Qc3 30. Qxc3 Rxc3 31. Rd8 Nf7 32. Rb8 Rc6 33. f3 Rd6 34. Rxd6 Nxd6 35. Nd5 a5 36. Kf2 Kf7 37. e4 e6 38. Ne3 a4 39. b4 Rc7 40. Rh8 Kg7 41. Rd8 Nc4 42. Nc2 1/2-1/2

[Event "Belgrade-chT"]
[Site "Belgrade"]
[Date "2019.09.27"]
[Round "5.5"]
[White "Tisma, Ivan"]
[Black "Matovic, Mihajlo Z"]
[Result "1/2-1/2"]
[WhiteElo "2112"]
[BlackElo "2197"]
[PlyCount "82"]
[EventDate "2019.09.23"]
[EventType "team-tourn"]
[EventRounds "11"]
[EventCountry "SRB"]
[SourceTitle "EXT 2020"]
[Source "ChessBase"]
[SourceDate "2019.10.17"]
[SourceVersion "1"]
[SourceVersionDate "2019.10.17"]
[SourceQuality "1"]
[WhiteTeam "Grocka"]
[BlackTeam "Partizan"]
[WhiteTeamCountry "SRB"]
[BlackTeamCountry "SRB"]

1. Nf3 Nf6 2. c4 e6 3. g3 d5 4. d4 Nbd7 5. Qc2 Be7 6. Bg2 0-0 7. 0-0 c6 8. Rd1 b6 9. b3 a5 10. Bf4 Ba6 11. Nbd2 Rc8 12. e4 c5 13. exd5 exd5 14. Qd3 dxc4 15. Nxc4 Nd5 16. Bd2 N7f6 17. Rac1 cxd4 18. Qxd4 Bc5 19. Qh4 Qe7 20. Re1 Qa7 21. g4 Nb4 22. Bxb4 axb4 23. Nce5 Bb7 24. Rc2 Rfe8 25. g5 Bxf3 26. Bxf3 Nd7 27. Qf4 Nf8 28. Bd5 Rc7 29. Nf3 Rxe1+ 30. Nxe1 Ng6 31. Qf5 Re7 32. Nd3 Qd7 33. Qxd7 Rxd7 34. Nxc5 Rxd5 35. Ne4 Kf8 36. Kf1 Nf4 37. f3 Ne6 38. h4 Nc5 39. Ke2 Ke7 40. Rc4 Nd3 41. Ke3 Kd7 1/2-1/2

[Event "Split op 9th"]
[Site "Split"]
[Date "2019.08.11"]
[Round "9"]
[White "Tisma, Ivan"]
[Black "Gelle, Istvan"]
[Result "0-1"]
[WhiteElo "2127"]
[BlackElo "2325"]
[PlyCount "88"]
[EventDate "2019.08.03"]
[EventType "swiss"]
[EventRounds "9"]
[EventCountry "CRO"]
[SourceTitle "EXT 2020"]
[Source "ChessBase"]
[SourceDate "2019.10.17"]
[SourceVersion "1"]
[SourceVersionDate "2019.10.17"]
[SourceQuality "1"]

1. d4 d5 2. Nf3 c6 3. c4 Nf6 4. Qc2 dxc4 5. Qxc4 Bf5 6. Nc3 e6 7. g3 Be7 8. Bg2 0-0 9. 0-0 Nbd7 10. Re1 h6 11. e4 Bh7 12. Qb3 b5 13. e5 Nd5 14. Nxd5 cxd5 15. Qxb5 Rb8 16. Qe2 a5 17. Rd1 a4 18. Be3 Qb6 19. Rdc1 Rb7 20. Bf1 Rfb8 21. Qd1 Qxb2 22. Qxa4 Bb4 23. Qb3 Ba3 24. Qa4 Nb6 25. Qa6 Qb4 26. Rc6 Be4 27. Nd2 Bb2 28. a3 Qa4 29. Ra2 Qxc6 30. Rxb2 Ra8 31. Qe2 Bg6 32. h4 Rxa3 33. Qg4 Bf5 34. Qf4 Qc3 35. Rb5 Bd3 36. Rc5 Qa1 37. Qg4 Bf5 38. Qf3 Rb8 39. Kh2 Nd7 40. g4 Nxc5 41. gxf5 Ne4 42. Nxe4 dxe4 43. Qh3 exf5 44. Qg2 Rxe3 0-1